000 00917nam a2200253 a 4500
999 _c11655
_d11655
001 11655
003 BD-JhCC
005 20200715111210.0
008 200714b2011 bg a|||| ||a| 001 0 mul d
020 _a9843000002860
035 _a(BD-JhCC)11655
040 _aBD-JhCC
_dBD-JhCC
041 _amul
082 _a570.9
_bBAN 2009
245 _aবাংলাদেশ উদ্ভিদ ও প্রাণী জ্ঞানকোষ:
_bশৈবাল ক্লোরোফাইটা /
_cঅনু: মনিরুজ্জামান খন্দকার।
260 _aঢাকা:
_bবাংলাদেশ এশিয়াটিক সোসাইটি;
_c২০০৯.
300 _a854 p. :
_bill;
_c26 cm.
650 _aBiology
650 _aZoology
650 _aDisctionay
700 _a খন্দকার, মনিরুজ্জামান
942 _2ddc
_cBK